000 00352nam a2200145Ia 4500
005 20251222151342.0
008 251222s9999||||xx |||||||||||||| ||spa||
020 _a9879568077709
082 _a642/M26
100 _aMarĂ­n Vivado, Roberto
245 0 _aSecretos de la Comida Chilena
250 _a1ra.ed.
264 _bOrigo Ediciones
942 _cLIB
999 _c24513
_d24513